Cómo usar la información en trabajos de investigación / (Record no. 47871)

MARC details
000 -LEADER
campo de control de longitud fija 01054nam a2200325 i 4500
001 - NÚMERO DE CONTROL
campo de control 47871
003 - IDENTIFICADOR DE NÚMERO DE CONTROL
campo de control ES-MaACL
005 - FECHA Y HORA DE LA ÚLTIMA TRANSACCIÓN
campo de control 20250828102637.0
007 - CAMPO FIJO DE DESCRIPCIÓN FÍSICA--INFORMACIÓN GENERAL
campo de control de longitud fija t|
008 - DATOS DE LONGITUD FIJA--INFORMACIÓN GENERAL
campo de control de longitud fija 030623s2001 sp ||||0| spa j
020 ## - NÚMERO INTERNACIONAL ESTÁNDAR DEL LIBRO
Número Internacional Estándar del Libro 84-7432-697-4
040 ## - FUENTE DE CATALOGACIÓN
Centro catalogador/agencia de origen M-BN
Lengua de catalogación spa
Centro/agencia transcriptor M-BN
080 ## - NÚMERO DE LA CLASIFICACIÓN DECIMAL UNIVERSAL
Número de la Clasificación Decimal Universal 001.891.32
080 ## - NÚMERO DE LA CLASIFICACIÓN DECIMAL UNIVERSAL
Número de la Clasificación Decimal Universal 001.81
100 1# - ENTRADA PRINCIPAL--NOMBRE DE PERSONA
Nombre de persona Orna, Elizabeth.
9 (RLIN) 87301
245 10 - MENCIÓN DEL TÍTULO
Título Cómo usar la información en trabajos de investigación /
Mención de responsabilidad, etc. Elizabeth Orna, Graham Stevens ; [traducción, Roberto Rosaspini].
250 ## - MENCION DE EDICION
Mención de edición 1ª ed.
260 ## - PUBLICACIÓN, DISTRIBUCIÓN, ETC.
Lugar de publicación, distribución, etc. Barcelona :
Nombre del editor, distribuidor, etc. Gedisa,
Fecha de publicación, distribución, etc. 2001.
300 ## - DESCRIPCIÓN FÍSICA
Extensión 238 p :
Otras características físicas il ;
Dimensiones 24 cm.
490 1# - MENCIÓN DE SERIE
Mención de serie Biblioteca de educación. Herramientas universitarias ;
Designación de volumen o secuencia 4
500 ## - NOTA GENERAL
Nota general Indice.
650 14 - PUNTO DE ACCESO ADICIONAL DE MATERIA--TÉRMINO DE MATERIA
Término de materia o nombre geográfico como elemento de entrada Búsqueda bibliográfica.
9 (RLIN) 10650
650 ## - PUNTO DE ACCESO ADICIONAL DE MATERIA--TÉRMINO DE MATERIA
Término de materia o nombre geográfico como elemento de entrada Escritos científicos.
9 (RLIN) 12399
700 1# - ENTRADA AGREGADA--NOMBRE PERSONAL
Nombre de persona Stevens, Graham.
9 (RLIN) 108158
700 1# - ENTRADA AGREGADA--NOMBRE PERSONAL
Nombre de persona Rosaspini, Roberto.
9 (RLIN) 99655
830 00 - PUNTO DE ACCESO ADICIONAL DE SERIE-TÍTULO UNIFORME
Título uniforme Biblioteca de educación (Gedisa)
Designación de volumen o secuencia 4
9 (RLIN) 228884
852 ## - LOCALIZACIÓN
Ubicación ES-MaACL
Número de control de estantería L-26417
Sublocalización o colección R.130765
Holdings
Estatus retirado Estado de pérdida Estado de daño No para préstamo Biblioteca de origen Biblioteca actual Ubicación en estantería Fecha de adquisición Fuente de adquisición Total de préstamos Signatura topográfica completa Código de barras Visto por última vez Precio de reemplazo Tipo de ítem Koha
        Biblioteca del Ateneo de Madrid Biblioteca del Ateneo de Madrid Depósito 2 17/01/2008     L-26417 1050380 23/02/2023 23/02/2023 Libro impreso